A Study on black band disease of jute in the northern part of Bangladesh / (Record no. 80754)
[ view plain ]
| 000 -LEADER | |
|---|---|
| fixed length control field | 00931nam a22002537a 4500 |
| 001 - CONTROL NUMBER | |
| RUCL Control Number | 80754 |
| 003 - CONTROL NUMBER IDENTIFIER | |
| rucl marc code | BD-RjUL |
| 005 - DATE AND TIME OF LATEST TRANSACTION | |
| control field | 20221110163226.0 |
| 008 - FIXED-LENGTH DATA ELEMENTS--GENERAL INFORMATION | |
| fixed length control field | 221110s2003 bg a|||| m||| 00| 0 eng d |
| 035 ## - SYSTEM CONTROL NUMBER | |
| system control number | (BD-RjUL)80754 |
| 040 ## - CATALOGING SOURCE | |
| Original cataloging agency | BD-RjUL |
| Language of cataloging | eng |
| Transcribing agency | BD-RjUL |
| Modifying agency | BD-RjUL |
| 041 ## - LANGUAGE CODE | |
| Language code of Book | eng |
| 082 ## - DEWEY DECIMAL CLASSIFICATION NUMBER | |
| DDC Edition number | 23 |
| Classification number | 677.13 |
| Author mark and Year | ALS 2003 |
| 100 ## - MAIN ENTRY--PERSONAL NAME | |
| Personal name | Ali, Md. Forman |
| 9 (RLIN) | 5795 |
| 245 10 - TITLE STATEMENT | |
| Title | A Study on black band disease of jute in the northern part of Bangladesh / |
| Statement of responsibility, etc | By Md. Forman Ali ; |
| Name of Supervisor/Co-Supervisor | Supervisor (s) : M. Shah Alam, & M. Shahidul Alam |
| 260 ## - PUBLICATION, DISTRIBUTION, ETC. (IMPRINT) | |
| Place of publication, distribution, etc | Rajshahi : |
| Name of publisher, distributor, etc | Department of Botany, University of Rajshahi, |
| Date of publication, distribution, etc | 2003 |
| 300 ## - PHYSICAL DESCRIPTION | |
| Pagination | vii, 143 leaves : |
| Other physical details | ill, ; |
| Dimensions | 29.cm. |
| 502 ## - DISSERTATION NOTE | |
| Dissertation note | Thesis (M. Phil.) -- Department of Botany, University of Rajshahi, 2003 |
| 504 ## - BIBLIOGRAPHY, ETC. NOTE | |
| Bibliography, etc | References : Leaves 131 - 143 |
| 650 ## - SUBJECT ADDED ENTRY--TOPICAL TERM | |
| Topical term or geographic name as entry element | Jute |
| 700 ## - ADDED ENTRY--SUPERVISOR/CO-SUPERVISOR NAME | |
| Personal name | Alam, M. Shah, Supervisor (s) |
| 9 (RLIN) | 5796 |
| Personal name | Alam, M. Shahidul Supervisor (s) |
| 9 (RLIN) | 5797 |
| 942 ## - ADDED ENTRY ELEMENTS (KOHA) | |
| Source of classification or shelving scheme | Dewey Decimal Classification |
| Koha item type | Theses |
| Source of classification or shelving scheme | Damaged status | Not for loan | Collection code | Permanent Location | Current Location | Shelving location | Date of accession | Source of acquisition | Total Checkouts | Full call number | Barcode | Date last seen | Copy number | Thesis |
|---|---|---|---|---|---|---|---|---|---|---|---|---|---|---|
| Dewey Decimal Classification | Not For Loan | Theses | Central Library, University of Rajshahi | Central Library, University of Rajshahi | Documentation Section | 18/04/2004 | Controller of Exam. R.U | THE 677.13 ALS 2003 | D2227 | 10/11/2022 | C-1 | Theses |